|
|
|
|
| LEADER |
02198pam a22005057a 4500 |
| 001 |
AALTaylor&Francisebook000026 |
| 003 |
BD-DhAAL |
| 005 |
20230911115628.0 |
| 006 |
m||||||||d|||||||| |
| 007 |
cr|||||||||||| |
| 008 |
220110s2016\\\\nyuad\\\ob\\\\001\0\eng\d |
| 010 |
|
|
|a 2015011525
|
| 020 |
|
|
|a 9781138850668 (hb)
|
| 020 |
|
|
|a 9781317531371
|
| 020 |
|
|
|a 9781317531388
|
| 020 |
|
|
|a 9781138051614
|
| 020 |
|
|
|z 9781315724584 (e-book)
|
| 024 |
|
|
|a 10.4324/9781315724584
|2 doi
|
| 035 |
|
|
|a (OCoLC)958107660
|
| 040 |
|
|
|a FlBoTFG
|b eng
|c FlBoTFG
|e rda
|d DLC
|d BD-DhAAL
|
| 042 |
|
|
|a pcc
|
| 050 |
0 |
0 |
|a HV553
|b .D5677 2016
|
| 082 |
0 |
0 |
|a 363.34072
|2 23
|
| 245 |
0 |
0 |
|a Disaster research
|h [electronic resource] :
|b multidisciplinary and international perspectives /
|c edited by Rasmus Dahlberg, Olivier Rubin, and Morten Thanning Vendelø.
|
| 260 |
|
|
|a New York, N.Y. :
|b Routledge,
|c c2016.
|
| 300 |
|
|
|a 1 online resource (xiv, 256 pages)
|
| 500 |
|
|
|a <strong>Off-Campus Access:</strong> Athens ID and Password Required
|
| 500 |
|
|
|a <strong>On-Campus Access:</strong> No User ID or Password Required
|
| 500 |
|
|
|a Access type: Perpetual access
|
| 504 |
|
|
|a Includes bibliographical references and index.
|
| 526 |
|
|
|a ARC
|x Dr. Imon Chowdhooree
Assistant Professor
|
| 538 |
|
|
|a Mode of access: Internet
|
| 541 |
|
|
|a Taylor & Francis
|h USD 178,50
|
| 650 |
|
0 |
|a Disasters
|x Research.
|9 44672
|
| 650 |
|
0 |
|a Disaster relief
|x Research.
|9 44673
|
| 650 |
|
0 |
|a Disasters
|x Psychological aspects.
|9 44674
|
| 655 |
|
|
|a Electronic books.
|
| 700 |
1 |
|
|a Dahlberg, Rasmus,
|e editor.
|9 44676
|
| 700 |
1 |
|
|a Rubin, Olivier,
|e editor.
|9 44677
|
| 700 |
1 |
|
|a Vendelø, Morten Thanning,
|d 1976-
|e editor.
|9 44678
|
| 852 |
|
|
|a Ayesha Abed Library
|
| 856 |
|
|
|z Full text available on Taylor & Francis
|u https://www.taylorfrancis.com/books/9781315724584
|
| 942 |
|
|
|2 ddc
|c EBK
|
| 999 |
|
|
|c 43428
|d 43428
|
| 952 |
|
|
|0 0
|1 0
|2 ddc
|4 0
|6 363_340720000000000_DIS
|7 0
|9 69694
|a BRACUL
|b BRACUL
|d 2022-01-10
|e Taylor & Francis
|g 15249.65
|l 0
|o 363.34072 DIS
|r 2022-01-10
|t 1
|w 2022-01-10
|y EBK
|x As discussed with Acquisition team, according to invoice date (12.01.2022) of the e-book, converted USD 178.50 to BDT 15249.65
|